000 00604nam a22001937a 4500
003 0
005 20160609165237.0
008 100105t xxu||||| |||| 00| 0 eng d
037 _aM15385
_bBIBLIO
040 _aUAC
_bF
_cEPAC
082 _a27.APE/AKPA
100 _aFunmi D. AKPADO
_92537
245 _aInfluence du sol sur la régénération naturelle du teck (tectona grandis L.f.) dans les secteurs d'Agrimey et de Djigbé
260 _aEPAC
_bBIBLIO
_c2007-2008
300 _aI-39p
_c29cm
650 _aAMENAGEMENT PROTECTION ENVIRONNEMENT
_92538
700 _aOdilon O. DOSSA
_92539
942 _cTHE
999 _c46650
_d46650